00906nam a2200241 a 4500001001000000003000500010005001700015008004100032010001100073011001100084040000900095100002800104245015200132260004100284500006000325502010900385650001600494650001400510650002300524650003500547650001200582856007000594000111970CHAP20220329144239.0151111s2015 mx a fsm |||||||spa d a108431 a109403 cCHAP1 aOrtiz Andrade, Erendida10aResidualidad del herbicida GF-2688 (halauxifen-metil+ fluroxipir-meptil) bajo condiciones de invernaderoh[En línea]cpor Erendira Ortiz Andrade. aChapingo, Méx. :bEl autor,c2015. aPara ver el contenido del material haga clic en la liga aTesis (Ing. Agr. Esp. en Parasitología Agrícola) -- UACH. Departamento de Parasitología Agrícola14aBioensayos.14aCalabaza.14aControl químico.14aHerbicidasxEfecto en plantas.14aPepino. aFinding aiduhttp://10.13.5.2/tesis/sist111970.pdfzTeclea aquí